Catalog

Record Details

Catalog Search



Available copies

  • 1 of 2 copies available at LARL/NWRL Consortium.

Current holds

0 current holds with 2 total copies.

Show All Copies
Location Call Number / Copy Notes Barcode Shelving Location Status Due Date
Moorhead Public Library CD TALKING BOOK MIL (Text) 33500012462958 Main Available -

Record details

  • ISBN: 9781470384036
  • ISBN: 1470384035
  • Physical Description: 10 audio discs (12 hr., 30 min.) : digital ; 4 3/4 ... Read More
  • Edition: Unabridged.
  • Publisher: Prince Frederick, MD : Recorded Books, ℗2017.

Content descriptions

General Note:
Title from container.
Compact disc.
In container (17 cm.).
Participant or Performer Note:
Narrated by Jack Garrett.
Summary, etc.:
Mace Carson doesn't consider himself a hero. Back ... Read More
Subject: Vintners > Fiction.
Ranch life > Fiction.
Wyoming > Fiction.
Wyoming > Fiction.
Genre: Western stories.
Love stories.
Western stories.
Audiobooks.
LDR 02492cim a2200517Ma 4500
001251428
003LARL_NWRL_CONSORTIUM
00520170405210241.0
008150911s2017 mdunnnn f n eng d
007sd fungnnmmned
040 . ‡aRECBX ‡beng ‡cRECBX ‡dOCLCO ‡dDF$ ‡dOCLCQ ‡dOCLCO
020 . ‡a9781470384036
020 . ‡a1470384035
02802. ‡aC02846 ‡bRecorded Books
035 . ‡a(OCoLC)976175574
043 . ‡an-us-wy
08204. ‡a813/.54 ‡223
1001 . ‡aMiller, Linda Lael. ‡0(LARL_NWRL_CONSORTIUM)81216
24510. ‡aForever a hero. ‡n#3 / ‡cLinda Lael Miller.
250 . ‡aUnabridged.
260 . ‡aPrince Frederick, MD : ‡bRecorded Books, ‡c℗2017.
300 . ‡a10 audio discs (12 hr., 30 min.) : ‡bdigital ; ‡c4 3/4 in.
336 . ‡aspoken word ‡bspw ‡2rdacontent
337 . ‡aaudio ‡bs ‡2rdamedia
338 . ‡aaudio disc ‡bsd ‡2rdacarrier
4900 . ‡aCarsons of Mustang Creek ; ‡v3
500 . ‡aTitle from container.
5110 . ‡aNarrated by Jack Garrett.
500 . ‡aCompact disc.
500 . ‡aIn container (17 cm.).
520 . ‡aMace Carson doesn't consider himself a hero. Back in college, he came upon a woman in trouble and intervened--but he was just one irate Wyoming cowboy with his boots planted firmly on the side of right. Now a successful vintner, Mace is shocked to be reunited with the woman he saved. But it turns out she's in Wyoming on businessa corporate executive representing the company that wants to buy his winery. Only he's not selling. Kelly Wright has never forgotten that horrible night ten years ago when Mace came to her rescue, and she's never forgotten him. The surprising success of a winery in the middle of ranch country has brought her to Mustang Creek, and she's secretly thrilled to discover Mace at the helm. Reluctant to mix business with pleasure, Kelly vows to keep things professional, until her attacker is released from prison and comes for vengeance--against both of them.
650 0. ‡aVintners ‡vFiction.
650 0. ‡aRanch life ‡vFiction. ‡0(LARL_NWRL_CONSORTIUM)167010
651 0. ‡aWyoming ‡vFiction. ‡0(LARL_NWRL_CONSORTIUM)167872
651 4. ‡aWyoming ‡vFiction. ‡0(LARL_NWRL_CONSORTIUM)167872
655 4. ‡aWestern stories.
655 7. ‡aLove stories. ‡2gsafd
655 7. ‡aWestern stories. ‡2gsafd
655 7. ‡aAudiobooks. ‡2lcgft ‡0(LARL_NWRL_CONSORTIUM)175801
7001 . ‡aGarrett, Jack ‡c(Actor) ‡4nrt
7102 . ‡aRecorded Books, Inc. ‡0(LARL_NWRL_CONSORTIUM)139168
901 . ‡a251428 ‡b ‡c251428 ‡tbiblio

Additional Resources